000
00299nam a2200145Ia 4500
100
_a
Bentley/ John
942
_c
BK
654
_a
computer
245
_a
Programming Pearls
260
_b
Addison Wesley Pub
_a
NONE
_c
1986
082
_a
5.1
_b
BEN
300
_a
195
546
_a
ENGLISH
999
_c
30698
_d
30698